| 000 | 01478nam a2200361 a 4500 | ||
|---|---|---|---|
| 001 | |||
| 003 | OSt | ||
| 005 | 20220519114720.0 | ||
| 008 | 090626s2006 dr 000 0 spa d | ||
| 020 | _a9993486671 | ||
| 040 |
_aBPMSU _bspa _cBPMSU |
||
| 082 |
_a327.1 _bB742t 2006 _222 |
||
| 100 | 1 |
_a Bosch, Juan, _d1909-2001 _91 |
|
| 245 | 1 | 0 |
_aTemas internacionales : _bensayos y artículos. / _cJuan Bosch ; compilador y editor Miguel Collado ; presentación Diómedes Núñez Polanco ; prólogo Pablo A. Maríñez. |
| 260 |
_aSanto Domingo : _bFundación Juan Bosch, _c2006. |
||
| 300 |
_a633 p. ; _c23 cm. |
||
| 500 | _aIncluye datos biográficos del autor en la solapa de la cubierta | ||
| 504 | _aIncluye referencias bibliográficas y notas al pie de las páginas. | ||
| 590 | _aInventariado, 2022/VM | ||
| 650 | 4 | _aPolítica internacional | |
| 650 | 4 |
_aImperialismo _zEstados Unidos. |
|
| 650 | 4 | _aConflicto armado | |
| 650 | 4 |
_aPolítica mundial. _ySiglo XX |
|
| 651 | 4 |
_aRepública Dominicana _xRelaciones Internacionales _vEnsayos, conferencias, etc.. |
|
| 651 | 4 |
_aRepública Dominicana _xHistoria |
|
| 651 | 4 |
_aArtículos de prensa _zRepública Dominicana _v Colecciones . _x |
|
| 700 | 1 |
_aCollado, Miguel A., _d1954- _ecompilador |
|
| 700 | 1 |
_aNúñez Polanco, Diómedes, _b1952- |
|
| 700 | 1 |
_aMaríñez., Pablo A., _eprólogo |
|
| 710 | 2 | _aFundación Juan Bosch (República Dominicana) | |
| 910 | _aValidado. Control de calidad VMateo V. | ||
| 942 |
_2ddc _cBK |
||
| 999 |
_c14209 _d14209 |
||